| Tag |
First Indicator |
Second Indicator |
Subfields |
| LEADER |
00000cam a22000008a 4500 |
| 001 |
in00000048936 |
| 005 |
20151007075748.0 |
| 008 |
811230s1982 nyu b 00010 eng |
| 010 |
|
|
|a 81048238
|
| 020 |
|
|
|a 0060150033 :
|c $12.95
|
| 035 |
|
|
|a (OCoLC)08110266
|
| 035 |
|
|
|9 AAF3769AM
|
| 039 |
0 |
|
|a 2
|b 3
|c 3
|d 3
|e 3
|
| 040 |
|
|
|a DLC
|c DLC
|d SER
|d TXA
|d UtOrBLW
|
| 043 |
|
|
|a n-us---
|
| 049 |
|
|
|a TXAM
|c [1673357]
|
| 050 |
0 |
0 |
|a E876
|b F46 1982
|
| 082 |
0 |
|
|a 320.973
|2 19
|
| 100 |
1 |
|
|a Fenwick, Millicent.
|
| 245 |
1 |
0 |
|a Speaking up /
|c Millicent Fenwick ; foreword by Norman Cousins.
|
| 250 |
|
|
|a 1st ed.
|
| 263 |
|
|
|a 8206
|
| 264 |
|
1 |
|a New York :
|b Harper & Row,
|c [1982]
|
| 264 |
|
4 |
|c ©1982
|
| 300 |
|
|
|a xvii, 187 pages ;
|c 22 cm.
|
| 336 |
|
|
|a text
|b txt
|2 rdacontent
|
| 337 |
|
|
|a unmediated
|b n
|2 rdamedia
|
| 338 |
|
|
|a volume
|b nc
|2 rdacarrier
|
| 504 |
|
|
|a Includes bibliographical references.
|
| 600 |
1 |
0 |
|a Fenwick, Millicent.
|
| 651 |
|
0 |
|a United States
|x Politics and government
|y 1981-1989.
|
| 651 |
|
0 |
|a United States
|x Politics and government
|y 1977-1981.
|
| 999 |
|
|
|a MARS
|
| 999 |
f |
f |
|s 500c38c1-d20a-3114-bda0-2f195455894b
|i 9c2ad5da-b7f2-30d9-9b94-bb72295b2910
|t 0
|
| 952 |
f |
f |
|p ric
|a Texas A&M University
|b Rellis Campus
|c Joint Library Facility
|d Remote Storage
|t 0
|e E876 F46 1982
|h Library of Congress classification
|i unmediated -- volume
|m A14805941664
|
| 998 |
f |
f |
|a E876 F46 1982
|t 0
|l Remote Storage
|